Aus dem Wasser der Oder

Titel: Aus dem Wasser der Oder
Verfasser:
In: Sächsisches Archivblatt, Heft 2 (2006), Seite 15-17
alle Artikel anzeigen
Veröffentlicht: 2006
Format: Aufsatz
Kein Bild verfügbar
X
alg: 44194759
001A    $03036:30-01-19 
001B    $01999:30-01-19 $t23:07:48.000 
001D    $03036:30-01-19 
001U    $0utf8 
001X    $00 
002@    $0Aox    
003@    $044194759X 
007A    $044194759X $aHEB 
007T    $0ArchMa11307 
011@    $a2006 
021A    $aAus dem Wasser der Oder 
028A    $aSteinert $dMark Alexander 
031A    $e2 $h15-17 $j2006 
039B    $aIn $8--Abvc--. Sächsisches Archivblatt. - Dresden : Sächsisches Staatsarchiv, 1992-2021 $x200600000000002985 $9048627194 
045T    $a8,1 

lok: 44194759 105

exp: 44194759 105 1 #EPN
201B/01 $030-01-19 $t14:07:10.000 
201C/01 $030-01-19 
201U/01 $0utf8 
203@/01 $0104230985X 
208@/01 $a13-12-18 $be 
209A/01 $a/ $f106 $x00 
244Z/01 $aBreslau $x01 
245Z/01 $a4.10.02. $bArchivwesen Europas / Polen / Archive und Archivbestände $x01 
247C/01 $8->Marburg, Bibliographie zum Archivwesen der Archivschule Marburg $939588196X
LEADER 00000caa a22000002c 4500
001 44194759X
003 DE-603
005 20190130230748.0
007 tu
008 190130s2006 xx |||| | u00||u|und c
035 |a (DE-599)HEB44194759X 
040 |a DE-603  |b ger  |c DE-603  |d DE-603 
084 |a 8,1  |2 ssgn 
100 1 |a Steinert, Mark Alexander 
245 0 0 |a Aus dem Wasser der Oder 
264 0 |c 2006 
773 0 8 |i In  |t Sächsisches Archivblatt  |d Dresden : Sächsisches Staatsarchiv, 1992-2021  |h 30 cm  |g Heft 2 (2006), Seite 15-17  |w (DE-603)048627194  |w (DE-600)1151016-X 
924 0 |9 -  |a (DE-603)104230985X  |b DE-  |c HES  |d d  |g /